| LEADER 00000nam 2200000uu 4500 |
| 008 110902s2554||||th 000 0 tha d |
| 060 0 วจ WL 103.7 ก682ค 2554.
|
| 100 0 ^aกิรณา แต้อารักษ์.
|
| 245 00 ^aรายงานการวิจัยเรื่อง ความต่อเนื่องของการปฏิบัติสมาธิตามโปรแกรมการเปลี่ยนแปลงจิตสำนึก เพื่อคลายเครียดของนักศึกษาชั้นปีที่ 1 วิทยาลัยการสาธารณสุขสิรินธร จังหวัดขอนแก่น./^bกิรณา แต้อารักษ์,ชมพูนุท สิริพรหมภัทร,เทพไทย โชติชัย.
|
| 260 ^aขอนแก่น :^bวิทยาลัยการสาธารณสุขสิรินธร จังหวัดขอนแก่น,^c2554.
|
| 300 ^aจำนวน 84 หน้า ;^bภาพประกอบ.
|
| 650 0 ^aอาการทางจิต.
|
| 650 0 ^aการปฏิบัติสมาธิ.
|
| 650 0 ^aการเปลี่ยนแปลงจิตสำนึก.
|
| 700 0 ^aชมพูนุท สิริพรหมภัทร.
|
| 700 0 ^aเทพไทย โชติชัย.
|
| 710 1 ^aจังหวัดขอนแก่น. วิทยาลัยการสาธารณสุขสิรินธร.
|
| 999 ^aใช้งานได้ทุกระบบ
|